LEADER 01509nam0 2200337 450 001 000036092 005 20140403124744.0 100 $a20140305d1942----km-y0itaa50------ba 101 0 $aita 102 $aIT 200 1 $a<> bonifica dell'agro Volterrano$fMario Bandini 210 $aRoma$c[s.n.]$d1942$eFaenza$gStabilimento Grafico F. Lega 215 $aVIII, 104 p., [9] carte di tav.$cill.$d27 cm 225 $aCollana di studi monografici$iSerie seconda$fIstituto nazionale di economia agraria$v1 410 0$12001$aCollana di studi monografici$iSerie seconda$fIstituto nazionale di economia agraria$v1 606 1 $aBonifica agraria$yVolterra 676 $a333.76153$v(22. ed.)$9Terreni rurali Terreni agricoli. Bonifica, ricupero, ripristino 700 1$aBandini,$bMario$f<1907-1972>$068062 801 0$aIT$bUniversità della Basilicata - B.I.A.$gREICAT$2unimarc 912 $a000036092 996 $aBonifica dell'agro Volterrano$9101282 997 $aUNIBAS CAT $aSTD094$b01$c20140305$lBAS01$h0845 CAT $aSTD094$b01$c20140305$lBAS01$h0849 CAT $aTTM$b30$c20140321$lBAS01$h1101 CAT $aTTM$b30$c20140321$lBAS01$h1108 CAT $aTTM$b30$c20140321$lBAS01$h1108 CAT $aTTM$b30$c20140324$lBAS01$h0932 CAT $aTTM$b30$c20140403$lBAS01$h1247 FMT Z30 -1$lBAS01$LBAS01$mBOOK$1BASA2$APolo Tecnico-Scientifico$2FVIG$BFondo Viggiani$3FVig/41464$641464$5T41464$7Collocato presso la Scuola di Agraria$820140324$f35$FStanza riservata LEADER 01765nam0 2200397 i 450 001 VAN0101365 005 20221125112725.834 010 $a978-14-419-7441-9 100 $a20150410d2011 |0itac50 ba 101 $aeng 102 $aUS 105 $a|||| ||||| 200 1 $aˆA ‰Cp-theory problem book$etopological and function spaces$fVladimir V. Tkachuk 210 $aNew York$cSpringer$d2011 215 $aXV, 485 p.$d24 cm 410 1$1001VAN0023582$12001 $aProblem books in mathematics$1210 $aNew York [etc.]$cSpringer 500 1$3VAN0241833$aˆA ‰Cp-theory problem book. Topological and function spaces$92920556 606 $a54C35$xFunction spaces in general topology [MSC 2020]$3VANC024193$2MF 610 $aCompactness$9KW:K 610 $aCp-theory$9KW:K 610 $aFunction spaces$9KW:K 610 $aGeneral topology$9KW:K 610 $aMetrizability$9KW:K 610 $aOpen Problems$9KW:K 610 $aPoint-set topology$9KW:K 610 $aPointwise convergence$9KW:K 620 $aUS$dNew York$3VANL000011 700 1$aTkachuk$bVladimir V.$3VANV079235$0511073 712 $aSpringer$3VANV108073$4650 801 $aIT$bSOL$c20221202$gRICA 856 4 $u/sebina/repository/catalogazione/documenti/Tkachuk - A Cp-theory problem book. topological and function spaces.pdf$zTkachuk - A Cp-theory problem book. topological and function spaces.pdf 899 $aBIBLIOTECA DEL DIPARTIMENTO DI MATEMATICA E FISICA$1IT-CE0120$2VAN08 912 $aVAN0101365 950 $aBIBLIOTECA DEL DIPARTIMENTO DI MATEMATICA E FISICA$d08PREST 54-XX 4428 $e08DMF34 II 20150714 $sBuono 996 $aCp-theory problem book. Topological and function spaces$92920556 997 $aUNISOB